Esplendor de la mariposa / (Registro nro. 4527)
[ vista simple ]
| 000 -LEADER | |
|---|---|
| fixed length control field | 00804nam a2200229Ia 4500 |
| 003 - CONTROL NUMBER IDENTIFIER | |
| control field | OSt |
| 005 - DATE AND TIME OF LATEST TRANSACTION | |
| control field | 20250627124447.0 |
| 008 - FIXED-LENGTH DATA ELEMENTS--GENERAL INFORMATION | |
| fixed length control field | 191128s1995 ck er 000 f spa d |
| 020 ## - INTERNATIONAL STANDARD BOOK NUMBER | |
| International Standard Book Number | 9582002204 |
| 040 ## - CATALOGING SOURCE | |
| Original cataloging agency | CO-JMCR |
| Transcribing agency | CO-JMCR |
| 041 ## - LANGUAGE CODE | |
| Language code of text/sound track or separate title | spa |
| 082 04 - DEWEY DECIMAL CLASSIFICATION NUMBER | |
| Classification number | A-P |
| Item number | GOMe |
| 100 1# - MAIN ENTRY--PERSONAL NAME | |
| Personal name | Gómez Jattin, Raúl, |
| Relator term | autor |
| 9 (RLIN) | 8787 |
| 245 10 - TITLE STATEMENT | |
| Title | Esplendor de la mariposa / |
| Statement of responsibility, etc. | Raúl Gómez Jattin |
| 250 ## - EDITION STATEMENT | |
| Edition statement | 1a edición |
| 260 ## - PUBLICATION, DISTRIBUTION, ETC. | |
| Place of publication, distribution, etc. | Bogotá : |
| Name of publisher, distributor, etc. | Cooperativa Editorial Magisterio, |
| Date of publication, distribution, etc. | 1995 |
| 300 ## - PHYSICAL DESCRIPTION | |
| Extent | 69 páginas ; |
| Dimensions | 21 cm. |
| 490 ## - SERIES STATEMENT | |
| Series statement | Piedra de sol |
| 505 ## - FORMATTED CONTENTS NOTE | |
| Formatted contents note | Mariposa -- Dios terrible -- Anuncios -- Oh Walt Whitman -- Retrato -- Pájaro -- Pájaro 2 -- Los visitantes eternos -- prisión -- Amarrado -- Amor -- Plegaria -- Cielo -- Canción |
| 650 14 - SUBJECT ADDED ENTRY--TOPICAL TERM | |
| Topical term or geographic name entry element | Poesía colombiana |
| 9 (RLIN) | 8788 |
| 942 ## - ADDED ENTRY ELEMENTS (KOHA) | |
| Source of classification or shelving scheme | Dewey Decimal Classification |
| Koha item type | Books |
| Withdrawn status | Lost status | Source of classification or shelving scheme | Damaged status | Not for loan | Collection code | Home library | Current library | Date acquired | Source of acquisition | Total Checkouts | Full call number | Barcode | Date last seen | Date last checked out | Copy number | Koha item type |
|---|---|---|---|---|---|---|---|---|---|---|---|---|---|---|---|---|
| Dewey Decimal Classification | Fiction | Biblioteca Pública José María del Castillo y Rada | Biblioteca Pública José María del Castillo y Rada | 11/28/2019 | Donación | 5 | A-P GOMe | 201809397 | 01/22/2026 | 01/22/2026 | Ej.1 | Books |